Catálogo
 En Linea

The backbencher : (Registro nro. 18533)

Detalles MARC
000 -CABECERA
campo de control de longitud fija 00686nam a2200229 i 4500
001 - NÚMERO DE CONTROL
campo de control 000019015
005 - FECHA Y HORA DE LA ÚLTIMA TRANSACCIÓN
campo de control 20200929165913.0
008 - DATOS DE LONGITUD FIJA--INFORMACIÓN GENERAL
campo de control de longitud fija 750203s1974 onc 000 0 eng
010 ## - NÚMERO DE CONTROL DE LA BIBLIOTECA DEL CONGRESO
Número de control de LC 75300116
015 ## - NÚMERO DE BIBLIOGRAFÍA NACIONAL
Número de bibliografía nacional C***
020 ## - NÚMERO INTERNACIONAL ESTÁNDAR DEL LIBRO
Número Internacional Estándar del Libro 0771000561 :
Condiciones de disponibilidad $8.95
040 ## - FUENTE DE LA CATALOGACIÓN
Centro catalogador/agencia de origen DO-SdBNP
Centro/agencia transcriptor DLC
Centro/agencia modificador DLC
043 ## - CÓDIGO DE ÁREA GEOGRÁFICA
Código de área geográfica n-cn---
050 00 - SIGNATURA TOPOGRÁFICA DE LA BIBLIOTECA DEL CONGRESO
Número de clasificación JL161
Número de documento/Ítem .A38
082 00 - NÚMERO DE LA CLASIFICACIÓN DECIMAL DEWEY
Número de clasificación 328.71
100 1# - ENTRADA PRINCIPAL--NOMBRE DE PERSONA
Nombre de persona Aiken, Gordon Harvey,
Fechas asociadas al nombre 1918-
9 (RLIN) 40910
245 14 - MENCIÓN DE TÍTULO
Título The backbencher :
Resto del título trials and tribulations of a member of Parliament /
Mención de responsabilidad, etc. Gordon Aiken.
260 ## - PUBLICACIÓN, DISTRIBUCIÓN, ETC.
Lugar de publicación, distribución, etc. Toronto :
Nombre del editor, distribuidor, etc. McClelland and Stewart,
Fecha de publicación, distribución, etc. [1974].
300 ## - DESCRIPCIÓN FÍSICA
Extensión 190 p. ;
Dimensiones 22 cm.
650 #0 - PUNTO DE ACCESO ADICIONAL DE MATERIA--TÉRMINO DE MATERIA
Término de materia o nombre geográfico como elemento de entrada Legislators
Subdivisión geográfica Canada.
9 (RLIN) 40911
910 ## - DATOS DE OPCIÓN DEL USUARIO (OCLC)
Datos de opción del usuario Catalogación derivada / LC
Existencias
Estado de retiro Estado de pérdida Restricciones de uso No para préstamo Código de colección Localización permanente Ubicación/localización actual Ubicación en estantería Fecha de adquisición Número de inventario Total de préstamos Signatura topográfica completa Código de barras Fecha visto por última vez Precio válido a partir de Tipo de ítem Koha
      Excluido de préstamo Monografías: Libros y Folletos General General En catalogación 21.05.2010 LF1   328.71 19015-10 25.06.2020 25.06.2020 No se presta

Con tecnología Koha